000 00345nam a22001457a 4500
008 210430b ||||| |||| 00| 0 eng d
020 _a0471017426
041 _aeng
080 _a616.8-006
082 _a616.8-006
100 _a6
101 _aKAN
245 _aAbdominal Ultrasound in the Cancer Patient
_cDonn J. Brascho
942 _2udc
_cBK
999 _c57050
_d57050